[Event "Lidums Checkmate Op"]
[Site "Adelaide"]
[Date "2007.07.07"]
[Round "4.1"]
[White "Tao, Trevor"]
[Black "Rogers, Ian"]
[Result "1/2-1/2"]
[Annotator "Fritz 10"]
[BlackElo "2624"]
[EventCountry "AUS"]
[EventDate "2007.07.07"]
[EventRounds "7"]
[EventType "swiss"]
[PlyCount "83"]
[WhiteElo "2354"]

{ B50: Sicilian: 2...d6, Miscellaneous } 1. e4 c5 2. Nf3 Nc6 3. b3 d6 4. Bb5 e5
5. O-O Nf6 6. c3 ( 6. Bb2 Nxe4 7. b4 Qb6 8. Bxc6+ bxc6 9. Nc3 Nxc3 10. Bxc3
cxb4 11. Rb1 a5 12. a3 Be7 13. axb4 a4 14. Re1 Bf5 15. d4 e4 16. d5 c5 17. bxc5
Qxc5 18. Bb4 Qc4 19. Nd4 Bg6 20. Nc6 f5 { Hajauri,A  ( 2261 ) -Kryakvin,D  (
2469 ) /Moscow 2006/CBM 110 ext/0-1  ( 41 )}  )6... Bd7 7. d4 Qc7 $146 ( 7...
cxd4 8. cxd4 exd4 9. Nxd4 Be7 10. Nc3 O-O 11. Bb2 a6 12. Be2 Qa5 13. Nc2 Rfe8
14. Kh1 Bf8 15. f3 Rad8 16. Ne3 Be6 17. Bc4 Bxc4 18. Nxc4 Qh5 19. Ne3 Ne7 20.
Ne2 d5 21. e5 Nd7 22. Ng3 { Runic,Z  ( 2448 ) -Jankovic,A  ( 2273 ) /Bosnjaci
2002/CBM 086 ext/1-0}  )( 7... cxd4 8. cxd4 Be7 9. d5 $14 )8. d5 $16 { White
threatens to win material: d5xc6}  8... Nb8 9. Bxd7+ Nbxd7 10. Qe2 g6 11. c4
Bg7 12. Nc3 O-O 13. Bd2 a6 { Secures b5}  14. a3 b6 15. Rab1 Rfc8 16. Rfc1 Rab8
17. Ne1 Qb7 18. b4 Qc7 19. Nd3 Bf8 ( 19... cxb4 20. Nxb4 Nc5 21. Qf3 $16 )20.
f3 ( 20. b5 a5 $18 )20... cxb4 21. Rxb4 ( 21. Nxb4 Nc5 $16 )21... Nc5 $14 { A
comfortable square for the black knight}  22. Be3 Nfd7 23. Kh1 h5 ( 23... Bg7
24. Rbb1 $14 )24. a4 ( 24. Na2 h4 $14 )24... Kh7 { Black has a cramped
position}  25. Rcb1 a5 { Black threatens to win material: a5xb4}  ( 25... Bh6
$5 $11)26. Nb5 $14 { White threatens to win material: Nb5xc7. Praise the
knight!}  26... Qd8 27. R4b2 Nxa4 { Black has a new protected passed pawn: a5} 
28. Ra2 { White threatens to win material: Ra2xa4}  28... Rxc4 29. Rxa4 ( 29.
Nf2 Rbc8 30. Nd1 Nb8 $14 )29... Rxa4 $11 { Black wins the exchange}  30. Qc2
Rb4 31. Nxb4 axb4 32. Rxb4 Ra8 33. h3 Nc5 34. Rb1 Bh6 { Black threatens to win
material: Bh6xe3}  35. Bf2 Kg8 36. Nc3 Ra6 37. Qe2 Qa8 38. Nb5 { White
threatens to win material: Nb5xd6}  38... Ra2 { Black threatens to win
material: Ra2xe2}  39. Qf1 Bf8 40. Nc3 { White threatens to win material:
Nc3xa2}  40... Ra3 { Black threatens to win material: Ra3xc3}  41. Nb5 { White
threatens to win material: Nb5xa3}  41... Ra2 42. Nc3  1/2-1/2

[Event "Lidums Checkmate Op"]
[Site "Adelaide"]
[Date "2007.07.07"]
[Round "4.2"]
[White "Antic, Dejan"]
[Black "Toth, Andras"]
[Result "1-0"]
[Annotator "Fritz 10"]
[BlackElo "2421"]
[EventCountry "AUS"]
[EventDate "2007.07.07"]
[EventRounds "7"]
[EventType "swiss"]
[PlyCount "51"]
[WhiteElo "2471"]

{ E97: King's Indian: Classical Main Line  ( 6...e5 7 0-0 Nc6 ) : 8 Be3 and 8 d5
Ne7, not 9 Ne1 } 1. d4 Nf6 2. c4 g6 3. Nc3 Bg7 4. e4 d6 5. Nf3 O-O 6. Be2 e5 7.
O-O Nc6 8. d5 Ne7 9. b4 a5 10. bxa5 Rxa5 11. a4 c5 ( 11... Nh5 12. Re1 f5 13.
Ra3 Kh8 14. exf5 Bxf5 15. Ng5 Nf4 16. Bxf4 exf4 17. Ne6 Bxe6 18. dxe6 Re5 19.
Bf3 Qc8 20. Bg4 h5 21. Bh3 b6 22. Nd5 Qd8 23. g3 Nxd5 24. cxd5 Rxe1+ 25. Qxe1
Be5 26. Rf3 { Kobalia,M  ( 2647 ) -Haimovich,T  ( 2435 ) /Biel 2006/CBM 113
ext/1-0  ( 42 )}  )12. Ra3 Nd7 { Black has a cramped position. Black's piece
can't move: c8}  ( 12... Ra6 13. Ne1 h6 14. Nd3 Nd7 15. f3 f5 16. Nf2 Nf6 17.
g3 g5 18. Bd2 Rf7 19. Qc2 Bf8 20. Rb1 Rg7 21. Bd3 f4 22. g4 h5 23. h3 Ng6 24.
Kf1 Rh7 25. Ke2 Be7 26. Nb5 Kf7 27. Raa1 { Irwanto,S  ( 2452 ) -Spasov,V  (
2578 ) /Turin 2006/CBM 113/1/2-1/2}  )( 12... Ne8 13. Nb5 Ra6 14. g3 f5 15.
exf5 gxf5 16. Nh4 Ng6 17. Ng2 Nf6 18. f4 Ne4 19. Bd3 exf4 20. Nxf4 Qe7 21. Qe2
Bd7 22. Ne6 Bxe6 23. dxe6 Raa8 24. g4 Ne5 25. gxf5 Nxd3 26. Rxd3 Qh4 27. Bf4 {
Antic,D  ( 2470 ) -Radovanovic,D  ( 2346 ) /Leskovac 2002/CBM 086 ext/1-0  ( 31
)}  )13. Nb5 $146 { White threatens to win material: Nb5xd6. The knight
dominates}  ( 13. Qc2 Ra6 14. g3 Kh8 15. Nh4 f5 16. exf5 gxf5 17. f4 e4 18. Bb2
Ng6 19. Ng2 Bd4+ 20. Kh1 Qf6 21. Rb1 Qg7 22. Nb5 Bxb2 23. Qxb2 Nf6 24. Nc3 Kg8
25. Nd1 h5 26. h4 Ng4 27. Qxg7+ Kxg7 { Hernandez,H  ( 2426 ) -Flores,D  ( 2448
) /Santiago de Cuba 2004/CBM 100 ext/1-0  ( 38 )}  )13... Ra6 { Black has a
cramped position. Black's piece can't move: c8}  14. Nh4 f5 ( 14... Bf6 15. Qd2
$14 )15. exf5 $14 Nxf5 16. Nxf5 gxf5 17. f4 e4 { Black gains space}  18. g4
fxg4 ( 18... Nb6 19. g5 $14 )19. Bxg4 $16 Nb6 ( 19... Nf6 20. Bxc8 Qxc8 $16
)20. Be6+ ( 20. Bxc8 Qxc8 21. Kh1 Nd7 $18 )20... Kh8 ( 20... Bxe6 $5 $142 {
would keep Black in the game}  21. dxe6 Qe7 $14 )21. Qc2 $16 Qf6 ( 21... Bxe6
22. dxe6 Nxc4 23. Qxc4 $18 )22. Qxe4 Bxe6 ( 22... Rxa4 23. Rh3 h6 24. Nxd6 Nxd5
25. Nxc8 Nc3 26. Rxc3 Qxc3 $18 )23. dxe6 ( 23. Qxe6 $6 Nxc4 24. Ra2 Raa8 $11
)23... Qg6+ ( 23... Qe7 24. a5 d5 25. cxd5 Nxd5 26. Qxd5 Rxe6 27. Rg3 $18 )24.
Qxg6 hxg6 25. Nxd6 ( 25. Nc7 $5 $142 { makes it even easier for White}  25...
Bd4+ 26. Kh1 Nc8 $18 )25... Bf6 $6 { just waiting for the end}  ( 25... Nc8 26.
Nxb7 Rxe6 $18 )26. f5 ( 26. f5 Nxa4 27. Bh6 $18 ) 1-0

[Event "Lidums Checkmate Op"]
[Site "Adelaide"]
[Date "2007.07.07"]
[Round "4.3"]
[White "Scott, Ronald"]
[Black "Johansen, Darryl Keith"]
[Result "1/2-1/2"]
[Annotator "Fritz 10"]
[BlackElo "2445"]
[EventCountry "AUS"]
[EventDate "2007.07.07"]
[EventRounds "7"]
[EventType "swiss"]
[PlyCount "66"]
[WhiteElo "2172"]

{ B88: Sicilian: Sozin Attack } 1. e4 c5 2. Nf3 e6 3. d4 cxd4 4. Nxd4 Nc6 5. Nc3
d6 6. Bc4 Nf6 7. O-O Be7 8. Kh1 O-O 9. Bb3 Na5 10. Bg5 $146 ( 10. Qd3 a6 11.
Bg5 b5 12. Rad1 ( 12. f4 Qc7 13. Rae1 Nxb3 14. axb3 Bb7 15. b4 Rac8 16. f5 Qd7
17. Nb3 Rfd8 18. Qh3 Ba8 19. fxe6 Qxe6 20. Qd3 Qc4 21. Nd4 Qxd3 22. cxd3 Rd7
23. Nf5 Bd8 24. Rc1 Bb7 25. Ne2 Rxc1 26. Rxc1 g6 { Kruppa,Y  ( 2435 )
-Sherbakov,R/Nabereznye Chelny 1988/TD/0-1  ( 40 )}  )12... Nxb3 13. axb3 Bb7
14. f3 Rc8 15. Nce2 { 1/2-1/2 Mamedov,N  ( 2519 ) -Babaev,R  ( 2481 ) /Baku
2006/CBM 112 ext}  )( 10. Qf3 Nxb3 11. axb3 Bd7 12. Be3 a6 13. h3 b5 14. Rfd1
Qc7 15. Rd2 Rfb8 16. e5 dxe5 17. Ndxb5 Qc8 18. Nd6 Bxd6 19. Rxd6 Ne8 20. Rd2
Bc6 21. Qg3 Qc7 22. f4 e4 23. Bd4 Rd8 24. Rad1 Qe7 { Pochinkov,A  ( 2176 )
-Bedny,Y  ( 2298 ) /St Petersburg 2004/CBM 100 ext/0-1  ( 72 )}  )10... b6 11.
f4 Bb7 ( 11... h6 12. Bxf6 Bxf6 13. Ndb5 $11 )12. Bxe6 $14 fxe6 13. Nxe6 {
Black wins a piece}  13... Qd7 14. Nxf8 Bxf8 ( 14... Rxf8 15. Qd3 $14 )15. Qd3
{ White has an active position}  15... Qe6 { The pressure on e4 grows}  ( 15...
Qf7 16. Bxf6 gxf6 17. Rae1 $16 )16. Rae1 ( 16. Bxf6 Qxf6 17. Nd5 Qf7 $16 )16...
Re8 ( 16... Rc8 17. Bh4 $14 )17. Bxf6 $16 Qxf6 18. b4 { White threatens to win
material: b4xa5}  18... Nc6 { Black threatens to win material: Nc6xb4}  19. Nd5
{ Here comes the goal-getter}  19... Qf7 20. c4 Nb8 21. Re3 Nd7 22. a3 ( 22.
Rfe1 $14 $142)22... Rc8 $2 ( 22... b5 $5 { should be considered}  23. cxb5 Bxd5
24. exd5 Rxe3 25. Qxe3 Nb6 $14 )23. Kg1 ( 23. e5 Qe6 24. f5 Qh6 $18 )23... h6 (
23... Nf6 24. b5 $16 )24. Rg3 ( 24. e5 Re8 25. Nc7 Nxe5 26. fxe5 Qxc7 $18
)24... Nf6 25. Qd4 $4 { gives the opponent new chances}  ( 25. a4 a6 26. b5 Rc5
$14 )25... Be7 $4 { allows the opponent back into the game}  ( 25... Nxd5 $142
{ and Black is still in the game}  26. cxd5 Ba6 $15 )26. Nxe7+ $16 Qxe7 27. e5
dxe5 28. fxe5 ( 28. Qxe5 $6 Qf7 $11 )28... Ne4 29. Rg4 $4 { White threatens to
win material: Rg4xe4. a transit from better to worse}  ( 29. Rd3 $16 $142)29...
Rd8 $17 { Black threatens to win material: Rd8xd4}  30. Qe3 { White threatens
to win material: Qe3xh6}  30... Qxe5 31. Re1 ( 31. Rgf4 Qd4 32. Qxd4 Rxd4 33.
Rf8+ Kh7 $15 )31... Rd4 ( 31... Qd4 32. h4 $17 )32. Qxh6 Rxc4 33. Qe3 Bd5 
1/2-1/2

[Event "Lidums Checkmate Op"]
[Site "Adelaide"]
[Date "2007.07.07"]
[Round "4.4"]
[White "Chapman, Mark"]
[Black "Nguyen, Giang"]
[Result "1-0"]
[Annotator "Fritz 10"]
[BlackElo "2097"]
[EventCountry "AUS"]
[EventDate "2007.07.07"]
[EventRounds "7"]
[EventType "swiss"]
[PlyCount "99"]
[WhiteElo "2444"]

{ B03: Alekhine's Defence: Four Pawns Attack } 1. e4 Nf6 2. e5 Nd5 3. d4 d6 4.
c4 Nb6 5. f4 g6 6. Nc3 Bg7 7. Be3 { Black has a cramped position}  7... Bf5
$146 ( 7... Be6 8. Nf3 ( 8. d5 Bc8 9. Nf3 c6 10. Be2 O-O 11. O-O Bg4 12. Qd2
Bxf3 13. Rxf3 cxd5 14. cxd5 dxe5 15. fxe5 Bxe5 16. Bh6 N8d7 17. Bxf8 Qxf8 18.
Ne4 Qg7 19. Raf1 Nf6 20. Nxf6+ exf6 21. d6 Rd8 22. Rd3 Nc4 { Petr,M  ( 2416 )
-Sergeev,V  ( 2455 ) /Usti nad Orlici 2006/CBM 112 ext/1/2-1/2}  )( 8. b3 O-O
9. Qd2 c5 10. dxc5 N6d7 11. cxd6 exd6 12. Qxd6 Nc6 13. Be2 Re8 14. Qd2 f6 15.
Nf3 fxe5 16. O-O exf4 17. Bxf4 Nde5 18. Ng5 Bf5 19. Nd5 b5 20. Kh1 bxc4 21.
bxc4 Rb8 22. Rad1 h6 { Fercec,N  ( 2466 ) -Kostrun,S  ( 2204 ) /Pula 2002/CBM
088 ext/1-0  ( 41 )}  )8... O-O 9. Nd2 dxe5 10. fxe5 c5 11. d5 Bf5 12. Bf4 e6
13. d6 Nc6 14. Nf3 Nd7 15. h3 Ndxe5 16. Bxe5 Bxe5 17. g4 Bxc3+ 18. bxc3 Be4 19.
Be2 Qf6 20. Rc1 Qf4 21. Rg1 Bxf3 22. Bxf3 { Schmidt,S-Haakert,J  ( 2315 )
/Germany 1988/GER-chT2/0-1  ( 37 )}  )( 7... dxe5 8. dxe5 Qxd1+ 9. Rxd1 Be6 (
9... c6 10. Be2 O-O 11. Nf3 Bg4 12. O-O f6 13. c5 Nd5 14. Nxd5 cxd5 15. Rxd5
fxe5 16. Bc4 e6 17. Rxe5 Re8 18. Rg5 Bxf3 19. Rxf3 Nc6 20. f5 Ne5 21. Bxe6+
Rxe6 22. fxe6 Nxf3+ 23. gxf3 Re8 24. Rd5 { Castillo Gallego,S  ( 2113 ) -Rojo
Huerta,G  ( 2384 ) /Linares 2000/CBM 075/1-0  ( 37 )}  )10. b3 f6 11. c5 N6d7
12. Nb5 Na6 13. c6 bxc6 14. Nd4 Nac5 15. b4 fxe5 16. fxe5 Bg4 17. bxc5 Bxd1 18.
Kxd1 Nxe5 19. Ne6 Ng4 20. Kd2 Rb8 21. Nxg7+ Kf7 22. Ne6 { Cheparinov,I  ( 2555
) -Grunberg,M  ( 2401 ) /Antalya 2004/CBM 101/1-0  ( 48 )}  )( 7... Be6 $5 $11
{ is an interesting idea} )8. c5 $16 Nc8 9. Qb3 b6 10. Bc4 O-O 11. Nf3 Nc6 12.
Bd5 { White threatens to win material: Bd5xc6}  ( 12. Qa4 Nb8 $16 )12... Na5
$14 { Black threatens to win material: Na5xb3}  13. Qa4 { Black has a cramped
position. Black's pieces can't move: a5+c8}  13... Bd7 ( 13... Rb8 $5 14. Be4
Bxe4 15. Nxe4 dxe5 16. fxe5 Qd5 $14 )14. c6 $16 Be6 $4 { strolling merrily down
the path to disaster}  ( 14... Bf5 $142 15. Nd2 e6 $16 )15. Bxe6 $18 fxe6 16.
Ng5 dxe5 17. fxe5 Bxe5 ( 17... Nd6 18. Nxe6 ( 18. exd6 $6 exd6 19. Nxe6 Qh4+
20. g3 Qg4 21. Nxf8 Qf3 $18 )18... Qc8 19. Nxf8 $18 ( 19. exd6 $2 { fails to} 
19... Qxe6 20. Nd1 exd6 $19 )( 19. Nxg7 Ndc4 20. Bf2 Rxf2 21. Kxf2 Qg4 $14
))18. Nxe6 Qd6 19. Nxf8 ( 19. dxe5 $6 { is much weaker}  19... Qxe6 20. O-O-O
Nd6 $16 )19... Bxh2 ( 19... Bf4 { is not the saving move}  20. Nb5 Qxc6 21. d5
Qxd5 22. Qxf4 Qxb5 23. Ne6 $18 )20. O-O-O ( 20. Nxh7 { might be the shorter
path}  20... Qg3+ 21. Kf1 Qxe3 22. Rxh2 Nd6 $18 )20... Bf4 21. Rde1 Bxe3+ 22.
Rxe3 Qf4 23. Nd5 Qg5 ( 23... Qxf8 { there is nothing better in the position} 
24. Qb4 Qf7 25. Nxc7 Qf4 $18 )24. Nxh7 Qxd5 25. Rxe7 $1 { Double attack:
d5/g8.}  25... Qxg2 ( 25... Nxe7 26. Nf6+ { Double attack}  )26. Ree1 ( 26.
Nf6+ Kf8 27. Reh7 Qg5+ 28. Kd1 Ne7 29. Nd7+ Kg8 30. Rh8+ Kf7 31. Ne5+ Kf6 32.
Rxa8 Qg2 33. Rf8+ Kg7 34. Rf7+ Kg8 $18 )26... Nd6 27. d5 $1 { Decoy: d5}  27...
Nac4 ( 27... Qxd5 28. Nf6+ { Double attack}  ( 28. Nf6+ { Decoy} ))28. Qc2
Qxc2+ 29. Kxc2 Nf5 30. Nf6+ ( 30. Rh3 $5 { seems even better}  30... Ncd6 $18
)30... Kf7 31. Ng4 Kg7 32. b3 Na3+ 33. Kb2 Nb5 34. Ne3 Nbd6 35. Nc4 Rd8 36. Re6
( 36. Nxd6 { keeps an even firmer grip}  36... Rxd6 37. Re5 a6 $18 )36... Nf7 (
36... Nc8 37. Rd1 $18 )37. Rg1 g5 ( 37... Rxd5 38. Rexg6+ Kh7 39. Re6 $18 )38.
Ne3 Nxe3 39. Rxe3 Rxd5 40. Re7 Kf6 41. Rxc7 Ne5 42. Rc8 ( 42. Rh7 $5 { and
White can already relax}  42... Nxc6 43. Rh6+ Kf5 44. Rxc6 Rd2+ 45. Ka3 Rd5 $18
)42... Rc5 43. Rd1 Ke7 44. c7 g4 ( 44... Rc6 45. Kb1 Nd7 46. a3 $18 )45. b4 Rc4
46. Kb3 b5 ( 46... a5 { doesn't get the bull off the ice}  47. a3 axb4 48. Rd5
bxa3 49. Rxe5+ Kd7 50. Rce8 Rxc7 51. R5e7+ Kd6 52. Rxc7 Kxc7 53. Kxa3 $18 )47.
Rd5 Nf7 ( 47... Nf3 { desperation}  48. Rd3 Ne5 $18 )48. Rc5 Nd6 ( 48... Rxc5 {
cannot change what is in store for ?}  49. bxc5 Kd7 50. Rf8 Kxc7 51. Rxf7+ Kc6
52. Kb4 a5+ 53. Kxa5 Kxc5 54. Rf5+ Kd6 55. Kxb5 $18 )49. Rg8 ( 49. Rd8 $142 {
and White has it in the bag}  49... Nc8 50. Rxc8 Rxc5 51. bxc5 Kd7 $18 )49...
Kd7 ( 49... a5 50. Rd8 Nc8 51. Rxc4 bxc4+ 52. Kxc4 axb4 53. Rxc8 Kd7 54. Rd8+
Kxc7 $18 )50. Rd8+ ( 50. Rd8+ Ke7 51. Rxd6 Kxd6 52. c8=Q Rxc5 53. bxc5+ Ke5 54.
c6 g3 55. c7 g2 56. Qe8+ Kf6 57. c8=Q g1=Q 58. Qce6+ Kg5 59. Qe5+ Kh6 60. Q8h5#
) 1-0

[Event "Lidums Checkmate Op"]
[Site "Adelaide"]
[Date "2007.07.07"]
[Round "4.5"]
[White "Goldsmith, Alan D"]
[Black "Sandler, Leonid"]
[Result "0-1"]
[Annotator "Fritz 10"]
[BlackElo "2345"]
[EventCountry "AUS"]
[EventDate "2007.07.07"]
[EventRounds "7"]
[EventType "swiss"]
[PlyCount "61"]
[WhiteElo "2081"]

{ B47: Sicilian: Taimanov: 5 Nc3 Qc7 6 f4, 6 g3 and 6 Be2 } 1. e4 c5 2. Nf3 e6
3. d4 cxd4 4. Nxd4 Nc6 5. Nc3 Qc7 6. Bg5 a6 7. Be2 Nf6 8. O-O Be7 9. a4 $146 {
White has an active position}  ( 9. Kh1 Ng4 ( 9... d6 10. f4 h6 11. Bh4 Nxe4
12. Nxe4 Bxh4 13. f5 d5 14. fxe6 O-O 15. exf7+ Rxf7 16. Rxf7 Qxf7 17. Nd6 Qf6
18. Nxc8 Rxc8 19. Nxc6 bxc6 20. Bxa6 Re8 21. g3 Bg5 22. Kg2 Qxb2 23. Bd3 Rf8
24. a4 { Timoscenko,G  ( 2455 ) -Plachetka,J  ( 2400 ) /Belgrade 1988/CBM
010/1-0  ( 32 )}  )( 9... O-O 10. f4 d6 11. f5 Bd7 12. fxe6 fxe6 13. Bc4 Nxd4
14. Qxd4 Rac8 15. Bb3 Qc5 16. Qxc5 Rxc5 17. Be3 Rh5 18. Bd4 Kh8 19. Bxf6 Rxf6
20. Rxf6 Bxf6 21. Rf1 Re5 22. g4 h6 23. Rd1 Be7 24. Rd4 { Kearns,C-Sergin,M  (
2074 ) /Bad Zwesten 2006/CBM 110 ext/1/2-1/2  ( 53 )}  )10. Bxg4 Bxg5 11. Nde2
Bf6 12. f4 d6 13. Qd3 b5 14. Rad1 Be7 15. Nd4 Nxd4 16. Qxd4 O-O 17. f5 Qc5 18.
Qd3 Qe5 19. fxe6 Bxe6 20. Bf5 g6 21. Bxe6 fxe6 22. Qh3 b4 23. Ne2 Rxf1+ {
Kovacs,L-Szily,J/Hungary 1965/MCD/0-1  ( 56 )}  )( 9. Nf3 b5 10. a3 Bb7 11. Qd2
d6 12. Rad1 Rd8 13. Bh4 O-O 14. Qf4 Ne5 15. Nxe5 dxe5 16. Qe3 Bc5 17. Qf3 Rxd1
18. Rxd1 Nxe4 19. Nxe4 f5 20. Rd7 Qxd7 21. Nxc5 Bxf3 22. Nxd7 Bxe2 23. Nxf8
Kxf8 { Bibiloni,J-Paglilla,C  ( 2325 ) /Buenos Aires 1993/TD/0-1  ( 50 )}  )(
9. Be3 b5 $11 )9... O-O ( 9... Ng4 10. Bxg4 Bxg5 11. Nce2 $11 )10. h4 ( 10. Nf3
h6 11. Be3 Ng4 $11 )10... d6 ( 10... Rd8 11. Qd3 $15 )11. g4 ( 11. h5 h6 12.
Be3 Nb4 $11 )11... Bd7 12. h5 { White gets more space}  12... d5 13. h6 $2 (
13. exd5 $5 { should be examined more closely}  13... Nxd4 14. Qxd4 $11 )13...
dxe4 ( 13... Nxe4 14. Nxe4 dxe4 15. Qd2 $17 )14. hxg7 ( 14. Nxc6 Bxc6 ( 14...
bxc6 $143 15. Nxe4 Rfe8 16. Qd3 $11 )( 14... Qxc6 $143 15. hxg7 Rfe8 16. a5 $11
)15. Qc1 g6 $17 )14... Rfd8 ( 14... Kxg7 15. Qd2 Kh8 16. Nb3 $17 )15. Nb3 ( 15.
Nxc6 $5 $142 Bxc6 16. Qc1 $17 )15... Nxg4 $1 $19 { Discovered attack: f6,
e7-g5}  ( 15... Kxg7 $6 16. Qd2 $17 )16. Bxg4 ( 16. Bxg4 Bxg5 { Discovered
attack}  )( 16. -- Qh2# { Mate threat}  )16... Bxg5 17. Nxe4 Be7 18. Ng3 Ne5
19. Bh5 $2 ( 19. Nd4 $19 $142)19... Bb5 20. axb5 Rxd1 21. Raxd1 ( 21. Bxd1 {
does not solve anything}  21... Kxg7 22. Kg2 Kh8 $19 )21... Qxc2 22. Nd4 Qxb2
23. Ne4 ( 23. Rfe1 { does not win a prize}  23... Bf6 24. Re2 Qb4 $19 )23...
Rd8 24. Rd2 Qb4 ( 24... Rxd4 $6 { is a weaker possibility}  25. Rxb2 Rxe4 26.
bxa6 bxa6 27. Ra1 $15 )25. Rfd1 Kxg7 26. f4 ( 26. bxa6 { the last chance for
counterplay}  26... bxa6 27. Be2 $19 )26... Nc4 27. Rg2+ Kf8 28. f5 ( 28. Ng5 {
hardly improves anything}  28... Bc5 29. Kh2 Rxd4 30. Nxh7+ Ke7 31. Rxd4 Bxd4
$19 )28... Ne3 29. fxe6 Nxg2 30. Rf1 Qxd4+ 31. Kh1  0-1

[Event "Lidums Checkmate Op"]
[Site "Adelaide"]
[Date "2007.07.07"]
[Round "4.6"]
[White "Chow, Samuel"]
[Black "Dragicevic, Domagoj"]
[Result "1-0"]
[Annotator "Fritz 10"]
[BlackElo "2087"]
[EventCountry "AUS"]
[EventDate "2007.07.07"]
[EventRounds "7"]
[EventType "swiss"]
[PlyCount "66"]
[WhiteElo "2297"]

{ A17: English Opening: 1...Nf6 with ...Bb4 } 1. c4 b6 2. e4 e6 3. Nc3 Bb7 4.
Nf3 Nf6 5. e5 Ne4 6. Qc2 ( 6. Bd3 Nxc3 7. dxc3 Be7 8. Bf4 d6 9. Qe2 Nd7 10.
O-O-O dxe5 11. Nxe5 Bg5 12. Qe3 Bxf4 13. Qxf4 Qf6 14. Qxf6 Nxf6 15. f3 Ke7 16.
c5 bxc5 17. Bb5 Rad8 18. Bc6 Ba6 19. f4 Rd6 20. Bf3 Nd5 { Van Wely,L  ( 2697 )
-Gavrikov,V  ( 2578 ) /Tallinn 2002/CBM 087/0-1  ( 47 )}  )( 6. Nxe4 Bxe4 7.
Be2 Be7 8. O-O O-O 9. d4 d6 10. Be3 Nd7 11. Rc1 dxe5 12. Nxe5 Nxe5 13. dxe5
Qxd1 14. Rfxd1 Rfd8 15. f3 Rxd1+ 16. Rxd1 Bc6 17. Kf2 Kf8 18. f4 Ke8 19. Bf3
Bxf3 20. Kxf3 Rd8 { Tverdohlebov,V  ( 2336 ) -Dinger,F  ( 2209 ) /Krakow
2006/CBM 110 ext/1/2-1/2  ( 44 )}  )6... Nxc3 7. Qxc3 Be7 8. Be2 $146 ( 8. a3
d6 9. d4 O-O 10. Be2 Nd7 11. O-O Rc8 12. Bf4 Bxf3 13. Qxf3 Bg5 14. exd6 Bxf4
15. Qxf4 cxd6 16. Qxd6 Nf6 17. Qe5 Qd7 18. Rac1 Rfd8 { 1/2-1/2 Fongers,J  (
2064 ) -Schouwerwou,X/Rotterdam 1999/CBM 073 ext}  )8... O-O 9. O-O d6 ( 9...
f6 10. d4 $11 )10. d4 $14 c5 11. dxc5 ( 11. Rd1 Nd7 $14 )11... dxc5 $11 12. Be3
Qc7 13. Bd3 Nd7 14. Bf4 { Black has a cramped position}  14... Rfd8 15. Rae1
Nf8 16. Bc2 Ng6 17. Bg3 a6 18. Nd2 Rd4 { Menacing}  19. f4 { White has an
active position}  19... Bh4 20. Bxg6 Bxg3 21. Bxh7+ Kxh7 22. hxg3 Rad8 23. Nf3
{ White threatens to win material: Nf3xd4}  23... Rd3 24. Qc2 g6 ( 24... Kg8
25. Re2 $11 )25. Re2 ( 25. Rd1 Qd7 26. Rxd3 Qxd3 27. Qxd3 Rxd3 $14 )25... Kg7
26. g4 Qd7 27. Rff2 Rd1+ 28. Kh2 Qe7 29. Ng5 Qd7 30. Ne4 ( 30. Re3 $5 $142 {
looks like a viable alternative}  30... Rh8+ 31. Rh3 Rxh3+ 32. Nxh3 $14 )30...
Qd4 $17 31. Nd2 Ra1 { Black threatens to win material: Ra1xa2}  ( 31... Rh8+
$142 32. Kg3 Rhh1 $19 )32. Nf1 $4 { ignoring the path to victory}  ( 32. Kg3
Rxa2 33. Nf3 Qd3 $11 )32... Rxa2 ( 32... Rh8+ $142 { and the result of the game
is clear: Black will win}  33. Kg3 Qd8 $19 )33. Rd2 $14 Rh8+  1-0

[Event "Lidums Checkmate Op"]
[Site "Adelaide"]
[Date "2007.07.07"]
[Round "4.7"]
[White "West, Guy"]
[Black "Hacche, David J"]
[Result "1-0"]
[Annotator "Fritz 10"]
[BlackElo "2036"]
[EventCountry "AUS"]
[EventDate "2007.07.07"]
[EventRounds "7"]
[EventType "swiss"]
[PlyCount "45"]
[WhiteElo "2291"]

{ B06: Modern Defence } 1. e4 g6 2. d4 Bg7 3. Nf3 a6 ( 3... d5 4. e5 c5 5. dxc5
Nc6 6. Nc3 d4 7. Nb5 Bg4 8. Nbxd4 Qa5+ 9. c3 Qxc5 10. Qa4 Bd7 11. Nb3 Qd5 12.
Bc4 Qe4+ 13. Be3 Qg4 14. O-O-O Nxe5 15. Nxe5 Qxd1+ 16. Rxd1 Bxa4 17. Nxf7 Nf6
18. Nxh8 { Svidler,P  ( 2713 ) -Chernyshov,K  ( 2524 ) /Voronezh 2003/CBM 094
ext/1-0  ( 46 )}  )4. c3 $146 ( 4. a4 c5 ( 4... b6 5. Nc3 Bb7 6. Bc4 e6 7. O-O
Ne7 8. Re1 d6 9. e5 O-O 10. Bg5 h6 11. Bf4 Kh7 12. Qe2 d5 13. Bd3 c5 14. Qd2
Nbc6 15. a5 Nxa5 16. dxc5 bxc5 17. Na4 Nc4 18. Bxc4 dxc4 19. Qxd8 { Ozgibcev,A 
( 2433 ) -Starosek,K  ( 2488 ) /Internet 2004/CBM 104 ext/0-1  ( 49 )}  )5. c3
cxd4 6. cxd4 d5 7. exd5 Nf6 8. Nc3 Nxd5 9. Bc4 Nxc3 10. bxc3 Qc7 11. Qb3 O-O
12. Ng5 e6 13. Ba3 Re8 14. O-O Nc6 15. Bd3 Na5 16. Qb4 Bd7 17. Qd6 Qxd6 18.
Bxd6 Rac8 { Blauert,J  ( 2275 ) -Backwinkel,P  ( 2325 ) /Bad Neuenahr 1989/CBM
015/0-1  ( 36 )}  )( 4. Nc3 b5 5. a4 b4 6. Nd5 a5 7. Bd3 e6 8. Nf4 Bb7 9. O-O
Ne7 10. Qe2 O-O 11. h4 h6 12. c3 d6 13. Bd2 e5 14. dxe5 dxe5 15. Nh3 Nbc6 16.
Bb5 Bc8 17. Rad1 Bxh3 18. gxh3 Qc8 { Shaposhnikov,E  ( 2538 ) -Moskvin,V  (
2691 ) /Internet 2006/CBM 112 ext/1/2-1/2  ( 42 )}  )( 4. Bd3 d6 5. O-O e5 6.
c3 Nc6 7. Be3 Nf6 8. h3 O-O 9. Nbd2 Nh5 10. Re1 Nf4 11. Bf1 h6 12. d5 Ne7 13.
c4 g5 14. c5 f5 15. cxd6 cxd6 16. g3 fxe4 17. gxf4 gxf4 18. Nxe4 fxe3 {
Mladenov,I  ( 2207 ) -Marholev,D  ( 2423 ) /Sunny Beach 2005/CBM 108
ext/1/2-1/2  ( 70 )}  )4... d6 { Prevents intrusion on e5}  5. h3 { Controls
g4}  5... Nd7 6. Bd3 e5 7. O-O Ne7 8. Re1 { Black's piece can't move: c8}  8...
O-O 9. dxe5 ( 9. Be3 exd4 10. cxd4 d5 $14 )9... dxe5 ( 9... Nxe5 10. Nxe5 dxe5
11. Qe2 $11 )10. Bf1 Nc5 11. Qc2 Qd7 12. Nbd2 b5 ( 12... Rd8 13. Nc4 f6 14. b3
$14 )13. b4 $14 { White threatens to win material: b4xc5}  13... Ne6 14. Nb3
Nc6 ( 14... Qe8 15. Be3 $16 )15. Be3 Qe7 16. a4 bxa4 ( 16... Rb8 $5 $16)17. Nc5
Rd8 18. Qxa4 Nb8 ( 18... Qe8 19. Nxe6 Bxe6 20. Ng5 $18 )19. Red1 Rxd1 ( 19...
Nf4 20. Rxd8+ Qxd8 21. Rd1 $18 )20. Rxd1 ( 20. Qxd1 $6 Nf4 $18 )20... h6 (
20... Nf4 21. Bc4 h6 22. Qa2 $18 )21. Bc4 ( 21. Nxe6 { might be the shorter
path}  21... Bxe6 22. Bc5 Bd7 23. Bxe7 Bxa4 24. Rd8+ Kh7 $18 )21... c6 ( 21...
Nd8 22. Bd5 c6 23. Bc4 $18 )22. Qa5 Nc7 ( 22... Kh7 $18 { praying for a
miracle} )23. Na4 ( 23. Na4 Nb5 24. Rd8+ Kh7 25. Rxc8 $18 ) 1-0